000 00647nam a2200241Ia 4500
003 OSt
005 20221007100218.0
006 a|||||r|||| 00| 0
007 ta
008 221006b |||||||| |||| 00| 0 eng d
024 _a3,996
037 _cTextual
040 _aLCO
_cLCO
_beng
041 _2eng
_aeng
082 _aX8(A):958:(Z2), M4
100 _aBHATNAGAR D
_9701378
245 0 _aLabour welfare and Social Security Legislation in India.
260 _aDelhi
_bDeep & Deep.
_c1984
300 _a302
650 _aLABOUR LAW
942 _hX8(A):958:(Z2), M4
_cTEXL
999 _c1173559
_d1173559